The Effect of Antibiotics on the Function of the Innate Immune Response

Salvato in:
Dettagli Bibliografici
Autore principale: Gubišová, Karolína (Autore)
Altri autori: Pastorek, Michal (Relatore della tesi)
Natura: Manoscritto Libro
Lingua:slovacco
inglese
Pubblicazione: 2024
Soggetti:
Accesso online:http://is.stuba.sk/zp/portal_zp.pl?podrobnosti=176646
Tags: Aggiungi Tag
Nessun Tag, puoi essere il primo ad aggiungerne!!

MARC

LEADER 00000ntm a22000003a 4500
001 stuzp99553
003 SK-STU
005 20240601210837.1
007 ta
008 150427s2015----xo-----f-mn---000-0-slo-d
040 |a STU  |b slo 
041 0 |a eng 
100 1 |a Gubišová, Karolína  |u 043000  |4 aut  |U FCHPT Fakulta chemickej a potravinárskej technológie  |T FCHPT Ústav biochémie a mikrobiológie  |X 105548  |U C3000  |Y 101  |7 105548 
242 0 1 |a Efekt antibiotík na funkciu vrodenej imunitnej odpovede  |y slo 
245 1 0 |a The Effect of Antibiotics on the Function of the Innate Immune Response 
260 |c 2024 
650 4 |a azitromycín  |2 slo 
650 4 |a mitochondrie  |2 slo 
650 4 |a NETy  |2 slo 
650 4 |a neutrofily  |2 slo 
650 4 |a ROS  |2 slo 
650 4 |a azithromycin  |2 eng 
650 4 |a mitochondria  |2 eng 
650 4 |a NETs  |2 eng 
650 4 |a neutrophils  |2 eng 
650 4 |a ROS  |2 eng 
700 1 |a Pastorek, Michal  |4 ths  |X 119685  |7 119685 
856 4 |u http://is.stuba.sk/zp/portal_zp.pl?podrobnosti=176646